| 000 | 00877cam a2200253 4500 | ||
|---|---|---|---|
| 008 | 040422n2003 000 0 eng u | ||
| 020 | _a1860816592 | ||
| 035 | _a(Sirsi) u125916 | ||
| 041 | _aeng | ||
| 050 |
_a693.9 _c18 |
||
| 100 | _aHalliwell, S. | ||
| 245 | _aRepair and maintenance of FRP structures | ||
| 260 |
_aWatford _bBRE _c2003 |
||
| 300 |
_a6p. _c30cm. |
||
| 490 |
_aBRE Good Repair Guide _v34 |
||
| 520 | _aSets out recommendations for the routine inspection and management of fibre-reinforced polymers structures. Details of repair techniques are also given together with their limitations. | ||
| 650 | _aFIBRE REINFORCED POLYMERS | ||
| 650 | _aREPAIR | ||
| 650 | _aBUILT ENVIRONMENT-BUILDING MAINTENANCE AND REFURBISHMENT | ||
| 690 |
_aRefurbishment _96264 |
||
| 700 | _aSuttie, E. D. | ||
| 710 | _aBuilding Research Establishment | ||
| 942 | _n0 | ||
| 999 |
_c103500 _d103500 |
||